000 01562nam0a22003011 4500
001 rc\3316868
005 20260407214805.0
021 _aRU
_b[69-115216]
035 _a(NLR Aleph) 007507018
090 _a7683863
_c7683863
100 _a20130115d1969 |||y0rusy50 ca
101 0 _arus
102 _aRU
105 _ay b |||||
200 1 _aИз передового опыта работы учителей русского языка гор. Закаталы
_e[Сборник статей]
_fМ-во просвещения АзССР
210 _aБаку
_cМаариф
_d1969
215 _a36 с.
_d14
225 1 _a[Участникам Всесоюзной конференции по вопросам улучшения преподавания русского языка в национальной школе
_v1]
300 _aНа обл. загл.: Из передового опыта учителей русского языка. Закаталы
309 _aВложена с 4-мя другими книгами в обертку с загл. серии
512 0 _aИз передового опыта учителей русского языка. Закаталы
606 _aРусский язык
_xМетодика преподавания в нерусских школах
_jСборники
_2psbo
712 0 1 _aАзССР
_bМинистерство просвещения
_3RU\NLR\AUTH\8810144587
_9783605
801 0 _aRU
_bNLR
_gpsbo
801 1 _aRU
_bELAR
_2rusmarc
852 _aNLR
_j69-1/939-1
942 _cBOOK
980 _aNB